000 00303nam a22001337a 4500
008 180306b xxu||||| |||| 00| 0 eng d
020 _a9780801669422
041 _aeng
080 _a37
100 _a25
101 _aEDU
245 _aClient education theory& practice
_cBabcock,D.E
942 _2udc
_cBK
999 _c44151
_d44151